00479 2200205 4500001002100000005001700021035002500038090001600063100001500079245002800094250001000122260003500132300002600167650001600193850001200209990001600221990001200237990001200249990001200261YOGYA00000000006845120150302143102.0 a0010-081400000068168 aT 635 Cah J aCahyana Ya aJamur TiramcCahyana Ya acet.1 aJakartabpenebar swadayac1997 aviii, 64 hlm.c21 cm. aJamur tiram aYOPDYOG a115582-P/98 a1117-PK a1116-PK a1118-PK